000 00884nam a2200229Ia 4500
999 _c41176
_d41176
001 7827
003 GE_BSU
005 20221116110857.0
008 181216s1996||||enk|||||||||||||| ||eng||
020 _a1559635142 x
040 _cGE_BSU
080 _a551 D-80
100 _aDramstad, Wenche E.
_914768
245 _aLandscape Ecology Principles in Land Scape Architecture and Land-Use Planning /
_cDramstad, Wenche; Olson, James D. ; Forman, Richard T.T.
264 _aCambridge,
_c1996.
300 _a80 p.:
_bill. ;
_c23 cm.
653 _aლანდშაფტის ეკოლოგიის პრინციპები მიწაში
653 _aПринципы ландшафтной экологии на суше
700 _a Olson, James D.
_eავტორი
_914770
700 _aForman, Richard T.T.
_eავტორი
_914771
942 _cBK
_2udc